000 00981nam a2200277 i 4500
001 13853
003 ES-MaACL
005 20250811223940.0
007 t|
008 980714s1990 ve |||| | spa d
020 _a980-01-0289-2
080 _a821.134.2(8.03)-3.09"19"
100 1 _aBustillo, Carmen.
_932898
245 1 0 _aBarroco y América Latina, un itinerario inconcluso /
_cCarmen Bustillo ; prólogo Alexis Márquez Rodríguez.
250 _a1ª ed. en M.A.
260 _aCaracas :
_bInstituto de Altos Estudios de América Latina :
_bMonte Avila,
_c1990.
300 _a332 p. ;
_c20 cm.
490 1 _aEstudios
650 4 _aNovela hispanoamericana-
_yS.XX-
_xHistoria y crítica
_915621
650 0 4 _aArte barroco-
_xAmérica Latina
_910162
700 1 _aMárquez Rodríguez, Alexis.
_977034
710 2 _aInstituto de Altos Estudios de América Latina.
_94825
830 0 _aEstudios
_9177349
852 _aES-MaACL
_jL-21347
999 _c13853
_d13853